000
00345 a2200169 4500
001
191994
020
_a
978-85-249-2149-0
040
_c
Magnum
100
_a
Caruso, Carla
240
1
0
_a
Casa de bicho
_l
por
245
1
0
_a
Casa de bicho
300
_a
31
362
0
_a
2014
440
1
_a
Cortez
697
_a
LITERATURA INFANTO
942
_c
BK
999
_c
191994
_d
191994